| 000 | 00520nam a2200157Ia 4500 | ||
|---|---|---|---|
| 008 | 210716s2011 xx 000 0 und d | ||
| 020 | _a9789350234327 | ||
| 041 | _aeng | ||
| 082 | _a005.3 TATB | ||
| 100 | _aTate, Bruce A. | ||
| 245 |
_aSeven languages in seven weeks: a pragmatic guide to learning programming languages. _bPragmatic guide to learning programming languages. |
||
| 250 | _a1 | ||
| 260 |
_aMumbai _bShroff Publishers and Distributors Pvt Ltd _c2011 |
||
| 300 | _axvii,317 | ||
| 650 | _aPrograms(005.3) | ||
| 999 |
_c192588 _d192588 |
||